00473nam a2200157Ia 4500008004100000040001900041041001200060082004300072100001800115245006200133260003800195300002100233650002700254651002400281850001000305131103s9999 xx 000 0 und d aLoreto College aEnglish a813.54/813.5408/VONbLCLIB/22233,23790 aVonnegut,Kurt aBreakfast of champions,Goodbye blue MondaycKurt Vonnegut aNew YorkbDell Publishingcc 1973 a294 p. c 17 cm. aBreakfast of champions aGoodbye Blue Monday aLCLIB